Statistics for Newcastle United Transfers

Click here to take the quiz!

General Stats

  • This quiz has been taken 60 times
  • The average score is 27 of 59

Answer Stats

YearNationalityAnswer% Correct
2011SenegalPapiss Cisse
86%
2011SenegalDemba Ba
84%
2010Ivory CoastCheik Tiote
80%
2016ScotlandMatt Ritchie
80%
2016USADeAndre Yedlin
78%
2015EnglandJonjo Shelvey
73%
2011FranceYohan Cabaye
73%
2015SerbiaAlexander Mitrovic
71%
2015NetherlandsGiorgino Wijnaldum
71%
2014SpainAyoze Perez
69%
2011ItalyDavid Santon
69%
2012FranceMoussa Sissoko
67%
2017GhanaChristian Atsu
65%
2017SpainJavier Manquillo
65%
2016IrelandCiaran Clark
63%
2010FranceHatem Ben Arfa
61%
2016IrelandDaryl Murphy
57%
2016EnglandDwight Gayle
57%
2017EnglandJacob Murphy
57%
2014EnglandKarl Darlow
57%
2012BurundiGael Bigirimana
55%
2015CongoChancel Mbemba
53%
2014NetherlandsDaryl Janmaat
53%
2016EnglandIsaac Hayden
53%
2012FranceYoan Gouffran
51%
2014EnglandJamaal Lascelles
49%
2012FranceMatheiu Debuchy
49%
2015EnglandAndros Townsend
47%
2015FranceFlorian Thauvin
45%
2016SenegalMohamed Diame
45%
2014NetherlandsSiem De Jong
45%
2012NetherlandsVurnon Anita
43%
2016MoroccoAchraf Lazaar
41%
2016ScotlandGrant Hanley
39%
2011AlgeriaMehdi Abeid
39%
2017SpainMikel Merino
39%
2011FranceGabriel Obertan
37%
2014EnglandJack Colback
37%
2017SpainJoselu
37%
2009EnglandMike Williamson
37%
2016BelgiumMatz Sels
35%
2009EnglandDanny Simpson
31%
2012AustraliaCutis Good
29%
2017FranceFlorian Lejeune
29%
2015SenegalHenri Siavet
29%
2016SpainJesus Gamez
29%
2012SwitzerlandKevin Mbabu
27%
2010EnglandJames Perch
25%
2014FranceEmmanuel Riviere
24%
2009EnglandLeon Best
24%
2012FranceMassadio Haidara
24%
2010EnglandDan Gosling
20%
2010FinlandShefti Kuqi
18%
2012FranceRomain Amalfitano
14%
2011FranceSylvain MArveux
14%
2009EnglandWayne Routledge
14%
2015EnglandIvan Toney
10%
2010EnglandSol Campbell
10%
2014FranceRemy Cabella
2%

Score Distribution

Percentile by Number Answered

Percent of People with Each Score

Your Score History

You have not taken this quiz